Kim loại trong nghệ thuật trang trí nội thất

Bewaard in:
Bibliografische gegevens
Hoofdauteur: Trình Bân
Formaat: Boek
Taal:Undetermined
Gepubliceerd in: Hà Nội Mỹ Thuật 2004
Onderwerpen:
Tags: Voeg label toe
Geen labels, Wees de eerste die dit record labelt!
Thư viện lưu trữ: Trung tâm Học liệu Trường Đại học Cần Thơ
LEADER 00590nam a2200205Ia 4500
001 CTU_74287
008 210402s9999 xx 000 0 und d
020 |b 45000 
082 |a 747 
082 |b Tr312/T2 
100 |a Trình Bân 
245 0 |a Kim loại trong nghệ thuật trang trí nội thất 
245 0 |c Trình Bân, Y Lan 
260 |a Hà Nội 
260 |b Mỹ Thuật 
260 |c 2004 
650 |a Interior decoration 
904 |i Năm, QHieu 
910 |a Thay Cutter thành Tr312/T2 
980 |a Trung tâm Học liệu Trường Đại học Cần Thơ